000 00556nam a2200169Ia 4500
003 GCL
008 140319s9999 xx 000 0 ara d
020 _a554305977
040 _aGCL /
_cGCL
082 0 4 _a792.028
_bب ك
100 1 _aبونى، جو
245 1 0 _aكشف المحجوب /
_cبونى، جو
260 _aالقاهرة :
_bوزارة الثقافة - مهرجان القاهرة الدولى للمسرح التجريبى ،
_c2003
300 _aمتعدد ؛
_c24 سم
650 0 4 _aالتمثيل فى المسرح
942 _2ddc
_cBK
999 _c32782
_d32782